<?xml version="1.0" encoding="UTF-8"?>
<collection xmlns:xsi="http://www.w3.org/2001/XMLSchema-instance" xsi:schemaLocation="http://www.loc.gov/MARC21/slim http://www.loc.gov/standards/marcxml/schema/MARC21slim.xsd" xmlns="http://www.loc.gov/MARC21/slim">
 <record>
  <leader>00000caa a22000003i 4500</leader>
  <controlfield tag="001">UP-1685594773862388605</controlfield>
  <controlfield tag="003">Buklod</controlfield>
  <controlfield tag="005">20210322113004.0</controlfield>
  <controlfield tag="006">m     |  |        </controlfield>
  <controlfield tag="007">ta</controlfield>
  <controlfield tag="008">210322s2018    xx      r    |||| u|eng d</controlfield>
  <datafield tag="035" ind1=" " ind2=" ">
   <subfield code="a">(iLib)UPBAG-00039569033</subfield>
  </datafield>
  <datafield tag="040" ind1=" " ind2=" ">
   <subfield code="a">STII-DOST</subfield>
   <subfield code="d">BAG</subfield>
   <subfield code="e">rda</subfield>
  </datafield>
  <datafield tag="041" ind1="0" ind2=" ">
   <subfield code="a">eng</subfield>
  </datafield>
  <datafield tag="090" ind1=" " ind2="0">
   <subfield code="a">ARTICLE-2790</subfield>
  </datafield>
  <datafield tag="100" ind1="1" ind2=" ">
   <subfield code="a">Buenaventura, Angelo Gabriel E.</subfield>
   <subfield code="e">author.</subfield>
  </datafield>
  <datafield tag="245" ind1="1" ind2="0">
   <subfield code="a">Chemiluminescence detection of chlorpyrifos via luminol-h2o2-ferricyanide system using microcontroller-based photometer</subfield>
   <subfield code="c">by Angelo Gabriel E. Buenaventura and Allan Christopher C. Yago.</subfield>
  </datafield>
  <datafield tag="264" ind1=" " ind2="1">
   <subfield code="c">2018.</subfield>
  </datafield>
  <datafield tag="300" ind1=" " ind2=" ">
   <subfield code="a">pages 753-762</subfield>
   <subfield code="b">color illustrations</subfield>
   <subfield code="c">26 cm</subfield>
  </datafield>
  <datafield tag="336" ind1=" " ind2=" ">
   <subfield code="a">text</subfield>
   <subfield code="2">rdacontent</subfield>
  </datafield>
  <datafield tag="337" ind1=" " ind2=" ">
   <subfield code="a">unmediated</subfield>
   <subfield code="2">rdamedia</subfield>
  </datafield>
  <datafield tag="338" ind1=" " ind2=" ">
   <subfield code="a">volume</subfield>
   <subfield code="2">rdacarrier</subfield>
  </datafield>
  <datafield tag="504" ind1=" " ind2=" ">
   <subfield code="a">Includes bibliographical references (pages 760-762)</subfield>
  </datafield>
  <datafield tag="520" ind1=" " ind2=" ">
   <subfield code="a">A low-cost photometer for chemiluminescence (CL) detection of chlorpyrifos (CPF) was constructed based on Arduino microcontroller, Si photodiode, and operational amplifier. The CPF detection via CL is based on the decrease in light intensity of the sensing solution (luminol-H2O2-Fe(CN)63--CPF) as compared to the blank solution (luminol-H2O2 Fe(CN)63-). The decrease in light intensity is due to the known reaction of organophosphates with H2O2 and luminol, thereby consuming the reactants for CL reaction. The change in response (ΔICL) was determined by the difference between the response of the blank solution (IB) and the sensing solution (Iss). Different parameters for both blank and sensing solutions were optimized. A linearly decreasing response with increasing CPF concentration was found between 0.7 ppm and 2.45 ppm CPF (2.00?7.00 μM CPF), with a limit of detection (LOD) of 0.663 ppm (1.89μM). The system was shown to be selective mainly toward organophosphate pesticides as nonorganophosphate herbicides ? such as 2,4-dichlorophenoxyacetic acid (2,4-D) and atrazine ? did not show significant changes in response as compared to blank solution. (Author's abstract)</subfield>
  </datafield>
  <datafield tag="650" ind1="0" ind2="4">
   <subfield code="a">Chemistry.</subfield>
  </datafield>
  <datafield tag="650" ind1="0" ind2="4">
   <subfield code="a">Chemiluminescence.</subfield>
  </datafield>
  <datafield tag="650" ind1="0" ind2="4">
   <subfield code="a">Chlorpyrifos.</subfield>
  </datafield>
  <datafield tag="650" ind1="0" ind2="4">
   <subfield code="a">Luminol.</subfield>
  </datafield>
  <datafield tag="650" ind1="0" ind2="4">
   <subfield code="a">Microcontroller.</subfield>
  </datafield>
  <datafield tag="700" ind1="1" ind2=" ">
   <subfield code="a">Yago, Allan Christopher C.</subfield>
   <subfield code="e">author.</subfield>
  </datafield>
  <datafield tag="773" ind1="0" ind2=" ">
   <subfield code="a">The Philippine Journal of Science</subfield>
   <subfield code="g">Vol. 147, no. 4, December 2018.</subfield>
  </datafield>
  <datafield tag="856" ind1="4" ind2="0">
   <subfield code="a">Request full-text access via UPB University Library through</subfield>
   <subfield code="u">https://forms.gle/KZjBv7aRtY6jiL5E9</subfield>
  </datafield>
  <datafield tag="856" ind1="4" ind2="0">
   <subfield code="z">(viewed 22 March 2021)</subfield>
  </datafield>
  <datafield tag="905" ind1=" " ind2=" ">
   <subfield code="a">FI</subfield>
  </datafield>
  <datafield tag="852" ind1="0" ind2=" ">
   <subfield code="a">UPBAG</subfield>
   <subfield code="b">UPBAG-MAIN</subfield>
   <subfield code="h">ARTICLE-2790</subfield>
  </datafield>
  <datafield tag="942" ind1=" " ind2=" ">
   <subfield code="a">Analytics</subfield>
  </datafield>
 </record>
</collection>
